000
00348nam a2200157Ia 4500
100
_a
Girja kumar/ Krishna Kumar
650
_a
General
942
_c
BK
654
_a
theory
245
_a
Theory of Cataloguing
260
_b
Vikas Publishing House
_a
New Delhi
_c
1986
082
_a
25.31
_b
GIR
300
_a
384
546
_a
ENGLISH
999
_c
35154
_d
35154